[Event "St Jean op"]
[Site "St Jean sur Richelieu"]
[Date "2004.06.26"]
[Round "2"]
[White "Belanger, Martin"]
[Black "Renzo, Alain"]
[Result "1-0"]
[WhiteElo "1355"]
[BlackElo "1122"]
[PlyCount "62"]
[EventDate "2004.06.??"]
[EventType "swiss"]
[EventRounds "5"]
[EventCountry "CAN"]
[SourceTitle "EXT 2006"]
[Source "ChessBase"]
[SourceDate "2005.11.24"]
[SourceVersion "1"]
[SourceVersionDate "2005.11.24"]
[SourceQuality "1"]

1. e4 c5 2. Nf3 Nc6 3. d4 cxd4 4. Nxd4 Nf6 5. Nc3 e6 6. Be3 Bb4 7. Bd3 a6 8. Qd2 d5 9. exd5 Nxd4 10. Bxd4 0-0 11. 0-0 Nxd5 12. b3 Be7 13. Nxd5 Qxd5 14. Be3 Bd7 15. c4 Qc6 16. Rad1 Bf6 17. b4 b5 18. c5 Rfe8 19. Bxh7+ Kxh7 20. Qxd7 Qxd7 21. Rxd7 Kg8 22. Rfd1 Kf8 23. c6 Rac8 24. c7 Be5 25. Bc5+ Kg8 26. Bb6 Bf6 27. Rd8 Kf8 28. Bc5+ Be7 29. Bxe7+ Kxe7 30. R1d7+ Kf6 31. Rxe8 Rxe8 1-0